Statistics for All Pokemon That Start With A

Click here to take the quiz!

General Stats

  • This quiz has been taken 122 times
  • The average score is 18 of 33

Answer Stats

Type Pokemon % Correct
PsychicAbra
85%
Grass/IceAbomasnow
80%
PsychicAlakazam
72%
Ice/FlyingArticuno
66%
Rock/FlyingAerodactyl
66%
Steel/RockAron
66%
DarkAbsol
65%
Steel/RockAggron
65%
Rock/BugArmaldo
61%
Water/FairyAzumarill
59%
Rock/FlyingArcheops
59%
Normal/FairyAzurill
59%
Rock/BugAnorith
58%
Rock/FlyingArchen
57%
DragonAxew
57%
Dragon/FlyingAltaria
57%
NormalAmbipom
54%
NormalAipom
54%
FireArcanine
53%
PoisonArbok
51%
Bug/PoisonAriados
50%
Steel/GhostAegislash
46%
Rock/IceAmaura
45%
Rock/IceAurorus
45%
NormalAudino
43%
ElectricAmpharos
42%
BugAccelgor
42%
Grass/PoisonAmoonguss
38%
IceAvalugg
38%
PsychicAzelf
38%
FairyAromatisse
36%
WaterAlomomola
35%
NormalArceus
32%

Score Distribution

Percentile by Number Answered

Percent of People with Each Score

Your Score History

You have not taken this quiz